=LDR 00000nam 2200000 4500 =001 INLIS000000000018003 =005 20130612113203 =008 ***********************************Ind** =035 ##$$0010-061300000018003 =041 ##$$a Ind =082 ##$$a 658 =090 ##$$a 658, Sut t =100 ##$$a Sutanto, Yusuf =245 ##$$a Tai Chi dan seni memimpin, Yusuf Sutanto =260 ##$$a 1999 $b Jakarta =300 ##$$a xxi, 139 hlm, 21 cm =650 ##$$a Seni Memimpin-Taichi =850 ##$$a NBPNMAT